Normal view MARC view

Entry Personal Name

Number of records used in: 1

001 - CONTROL NUMBER

  • control field: 65134

003 - CONTROL NUMBER IDENTIFIER

  • control field: dpl

005 - DATE AND TIME OF LATEST TRANSACTION

  • control field: 20240425154454.0

008 - FIXED-LENGTH DATA ELEMENTS

  • fixed length control field: 240425|| aca||aabn | a|a d

040 ## - CATALOGING SOURCE

  • Original cataloging agency: dpl
  • Transcribing agency: dpl

100 ## - HEADING--PERSONAL NAME

  • Personal name: व्यथितहदय

670 ## - SOURCE DATA FOUND

  • Source citation: Work cat.: (dpl)202374: व्यथितहदय, उपनिषदो की श्रेषठ कहानियाँ/, 2022

© Delhi Public Library
Hit Counter
free hit counter